[Event "Wch U14 Girls"]
[Site "Khanty-Mansiysk"]
[Date "2016.09.25"]
[Round "4"]
[White "Mishra, Anwesha"]
[Black "Antova, Gabriela"]
[Result "0-1"]
[WhiteElo "1819"]
[BlackElo "2253"]
[PlyCount "92"]
[EventDate "2016.09.22"]
[EventType "swiss"]
[EventRounds "11"]
[EventCountry "RUS"]
[SourceTitle "EXT 2017"]
[Source "ChessBase"]
[SourceDate "2016.10.25"]
[SourceVersion "1"]
[SourceVersionDate "2016.10.25"]
[SourceQuality "1"]

1. d4 d5 2. c4 dxc4 3. e3 e5 4. Bxc4 exd4 5. exd4 Nf6 6. Nc3 Be7 7. Nf3 0-0 8. h3 Nbd7 9. 0-0 Nb6 10. Bb3 c6 11. Ne5 Nbd5 12. Nc4 Be6 13. Ne3 Qd7 14. Qf3 Nc7 15. Bxe6 Nxe6 16. d5 Nd4 17. Qd1 c5 18. Ne2 Nxe2+ 19. Qxe2 Rfe8 20. Qf3 Bd6 21. Bd2 Be5 22. Bc3 Bxc3 23. bxc3 Ne4 24. Rfc1 b5 25. c4 b4 26. Rd1 a5 27. d6 Ra6 28. Qf5 Qxf5 29. Nxf5 g6 30. d7 Rd8 31. Nh6+ Kg7 32. Ng4 h5 33. Ne3 Ra7 34. Rd5 Raxd7 35. f3 Rxd5 36. Nxd5 Nd2 37. Nb6 Rd6 38. Na4 Nxc4 39. Rc1 Nb6 40. Nxc5 Rd2 41. Ra1 Rc2 42. Nd3 Nd5 43. a3 b3 44. Rb1 a4 45. Rb2 Rc3 46. Rd2 Rxd3 0-1

[Event "Wch U14 Girls"]
[Site "Khanty-Mansiysk"]
[Date "2016.09.22"]
[Round "1"]
[White "Solozhenkina, Elizaveta"]
[Black "Mishra, Anwesha"]
[Result "1-0"]
[WhiteElo "2320"]
[BlackElo "1819"]
[PlyCount "93"]
[EventDate "2016.09.22"]
[EventType "swiss"]
[EventRounds "11"]
[EventCountry "RUS"]
[SourceTitle "EXT 2017"]
[Source "ChessBase"]
[SourceDate "2016.10.25"]
[SourceVersion "1"]
[SourceVersionDate "2016.10.25"]
[SourceQuality "1"]

1. e4 e5 2. Nf3 d6 3. d4 exd4 4. Nxd4 Nf6 5. Nc3 Be7 6. Bf4 0-0 7. Be2 Re8 8. Qd2 Nc6 9. 0-0-0 Ng4 10. Bxg4 Bxg4 11. f3 Nxd4 12. Qxd4 Be6 13. g4 Bf6 14. Qd2 a5 15. Kb1 Ra6 16. g5 Bxc3 17. Qxc3 Rc6 18. Qd2 Bh3 19. Rhg1 Ra6 20. Qd3 Qc8 21. Bd2 Bd7 22. Bc3 c5 23. h4 b5 24. b3 b4 25. Bb2 Be6 26. c4 a4 27. h5 axb3 28. axb3 Re7 29. Kc2 Rea7 30. h6 g6 31. Ra1 Rxa1 32. Rxa1 Rxa1 33. Bxa1 Qa6 34. Bb2 f5 35. gxf6 Kf7 36. f4 Qc6 37. Qe2 Qb7 38. Kd3 Qd7 39. Qf1 Bg4 40. Qa1 Bh5 41. Kd2 Bg4 42. Qa8 Qc8 43. Qd5+ Qe6 44. Qb7+ Qd7 45. Qb8 Bh5 46. Qh8 Ke6 47. Qg8+ 1-0

[Event "Asia-ch U14 Girls"]
[Site "Ulaanbaatar"]
[Date "2016.04.09"]
[Round "5"]
[White "Mishra, Anwesha"]
[Black "Ulziikhishigjargal, Ochirkhuyag"]
[Result "1-0"]
[WhiteElo "1839"]
[BlackElo "1681"]
[PlyCount "153"]
[EventDate "2016.04.06"]
[EventType "swiss"]
[EventRounds "9"]
[EventCountry "MGL"]
[SourceTitle "EXT 2017"]
[Source "ChessBase"]
[SourceDate "2016.10.25"]
[SourceVersion "1"]
[SourceVersionDate "2016.10.25"]
[SourceQuality "1"]

1. d4 Nf6 2. c4 e6 3. Nc3 Bb4 4. e3 0-0 5. Bd3 c5 6. Nf3 d5 7. a3 Bxc3+ 8. bxc3 Qc7 9. Qc2 dxc4 10. Bxc4 b6 11. Bb2 Bb7 12. Qe2 Nbd7 13. 0-0 Ng4 14. e4 Ngf6 15. e5 Nd5 16. Rac1 Rac8 17. Rfd1 Rfd8 18. Bxd5 Bxd5 19. Nd2 c4 20. a4 Qc6 21. Ra1 Bxg2 22. f3 Bh3 23. Ne4 Nf8 24. Nd6 Rc7 25. Nb5 Rcd7 26. Nd6 Ng6 27. Bc1 Nh4 28. Ne4 Bg2 29. Rf1 Bxf1 30. Qxf1 Ng6 31. Be3 Rf8 32. Bg5 h6 33. Be3 Ne7 34. Qg2 Nf5 35. Nf6+ Kh8 36. Nxd7 Nxe3 37. Qe2 Qxd7 38. Qxe3 f5 39. exf6 Rxf6 40. Qe4 Qf7 41. Kf2 Rf4 42. Qc6 Qh5 43. Ke3 Rf8 44. Rf1 Qxh2 45. Qxc4 Qf4+ 46. Ke2 e5 47. Qd3 exd4 48. cxd4 Re8+ 49. Kd1 Rd8 50. Re1 g5 51. Re4 Qf7 52. Qc3 Kg8 53. Qe3 Qc4 54. Re8+ Rxe8 55. Qxe8+ Kg7 56. Qd7+ Qf7 57. Qc6 Qf6 58. Qe4 Qf4 59. Qe7+ Kg6 60. Qe8+ Kg7 61. Qe7+ Qf7 62. Qe5+ Qf6 63. Qe4 h5 64. Ke2 h4 65. Kf2 Qd6 66. Qg4 a6 67. Qxg5+ Kf7 68. Qxh4 Qb4 69. Qe4 Kf6 70. Qc6+ Kg5 71. Qd5+ Kf6 72. Qe5+ Kg6 73. Kg3 a5 74. d5 Qc5 75. Qe6+ Kg7 76. Kg4 Qg1+ 77. Kf5 1-0

[Event "Asia-ch U14 Girls"]
[Site "Ulaanbaatar"]
[Date "2016.04.08"]
[Round "4"]
[White "Serikbay, Assel"]
[Black "Mishra, Anwesha"]
[Result "1/2-1/2"]
[WhiteElo "1908"]
[BlackElo "1839"]
[PlyCount "54"]
[EventDate "2016.04.06"]
[EventType "swiss"]
[EventRounds "9"]
[EventCountry "MGL"]
[SourceTitle "EXT 2017"]
[Source "ChessBase"]
[SourceDate "2016.10.25"]
[SourceVersion "1"]
[SourceVersionDate "2016.10.25"]
[SourceQuality "1"]

1. d4 Nf6 2. Nf3 e6 3. c4 b6 4. Nc3 Bb7 5. Bg5 Bb4 6. e3 h6 7. Bh4 g5 8. Bg3 Ne4 9. Qc2 d6 10. Bd3 f5 11. d5 Bxc3+ 12. bxc3 Nd7 13. dxe6 Ndc5 14. Nd4 0-0 15. f3 Nxd3+ 16. Qxd3 Nc5 17. Qc2 Qf6 18. 0-0-0 Nxe6 19. h4 Nxd4 20. cxd4 Qe7 21. Rde1 g4 22. fxg4 Be4 23. Qe2 d5 24. cxd5 Qb4 25. Qb2 Qc4+ 26. Kd1 Qd3+ 27. Kc1 Qc4+ 1/2-1/2

[Event "IND-ch U13 Girls 29th"]
[Site "Gurgaon"]
[Date "2015.09.03"]
[Round "7"]
[White "Mishra, Anwesha"]
[Black "Priyanka, Nutakki"]
[Result "1/2-1/2"]
[WhiteElo "1765"]
[BlackElo "2073"]
[PlyCount "74"]
[EventDate "2015.08.30"]
[EventType "swiss"]
[EventRounds "11"]
[EventCountry "IND"]
[SourceTitle "EXT 2016"]
[Source "ChessBase"]
[SourceDate "2015.10.08"]
[SourceVersion "1"]
[SourceVersionDate "2015.10.08"]
[SourceQuality "1"]

1. e4 e6 2. d4 d5 3. Nc3 Bb4 4. e5 c5 5. a3 Bxc3+ 6. bxc3 Ne7 7. Qg4 Qc7 8. Bd3 cxd4 9. Ne2 dxc3 10. Qxg7 Rg8 11. Qxh7 Qxe5 12. h4 Nd7 13. Bf4 Qf6 14. Bg5 Qh8 15. Qxh8 Rxh8 16. Nxc3 f6 17. Bd2 Nc5 18. Be2 Nf5 19. h5 Bd7 20. Nb5 Bxb5 21. Bxb5+ Kf7 22. Bb4 Ne4 23. Bd3 Rag8 24. g3 b6 25. Bxe4 dxe4 26. 0-0-0 Rd8 27. Bc3 Rd5 28. g4 Ne7 29. Rde1 Rc8 30. Bb4 Rd4 31. Bxe7 Kxe7 32. Rh3 Rh8 33. Rg1 Kf7 34. Rc3 Rd7 35. Rh3 Rd4 36. Rc3 Rd7 37. Rh3 Rd4 1/2-1/2

[Event "IND-ch U17 Girls 25th"]
[Site "Bihar"]
[Date "2014.12.08"]
[Round "9"]
[White "Ghosh, Samriddhaa"]
[Black "Mishra, Anwesha"]
[Result "1/2-1/2"]
[WhiteElo "1810"]
[BlackElo "1799"]
[PlyCount "82"]
[EventDate "2014.12.02"]
[EventType "swiss"]
[EventRounds "11"]
[EventCountry "IND"]
[SourceTitle "EXT 2016"]
[Source "ChessBase"]
[SourceDate "2015.10.08"]
[SourceVersion "1"]
[SourceVersionDate "2015.10.08"]
[SourceQuality "1"]

1. e4 e6 2. d4 d5 3. Nc3 Bb4 4. e5 c5 5. Bd2 a6 6. a3 Bxc3 7. bxc3 Ne7 8. Nf3 Qc7 9. Bd3 h6 10. 0-0 Bd7 11. dxc5 Qxc5 12. Nd4 Qc7 13. Re1 Nbc6 14. Qg4 g6 15. Qf4 Rh7 16. Rab1 Na5 17. h4 Nc4 18. Bc1 h5 19. Qf6 Ng8 20. Qf3 Ne7 21. Qf4 Nb6 22. Nf3 Na4 23. Ng5 Rg7 24. Qf6 Kf8 25. Nxe6+ Bxe6 26. Bh6 Nxc3 27. Bxg7+ Ke8 28. Rb2 Na4 29. Rb4 Nc5 30. Rbb1 Nd7 31. Qf4 Nc5 32. Bf6 Nf5 33. Qb4 b5 34. Qc3 Rc8 35. Qd2 Qc6 36. Rbd1 Nxd3 37. cxd3 Qc3 38. Qa2 d4 39. Qa1 Qxa1 40. Rxa1 Rc3 41. Red1 Kd7 1/2-1/2

[Event "Wch U10 Girls"]
[Site "Maribor"]
[Date "2012.11.17"]
[Round "10.16"]
[White "Glebova, Anastasia"]
[Black "Mishra, Anwesha"]
[Result "0-1"]
[WhiteElo "1625"]
[BlackElo "1561"]
[PlyCount "126"]
[EventDate "2012.11.08"]
[EventType "swiss"]
[EventRounds "11"]
[EventCountry "SLO"]
[SourceTitle "EXT 2013"]
[Source "ChessBase"]
[SourceDate "2012.11.22"]
[SourceVersion "1"]
[SourceVersionDate "2012.11.22"]
[SourceQuality "1"]

1. e4 e6 2. d4 d5 3. exd5 exd5 4. c4 Nf6 5. Nf3 Bb4+ 6. Bd2 Bxd2+ 7. Qxd2 0-0 8. Nc3 Re8+ 9. Be2 dxc4 10. 0-0 Bg4 11. h3 Bh5 12. Rad1 Nc6 13. Qg5 h6 14. Qd2 Nd5 15. Rc1 Nxc3 16. bxc3 Qd5 17. Rb1 b5 18. g4 Bg6 19. Rbd1 Be4 20. Qf4 g5 21. Qg3 Qd6 22. Qxd6 cxd6 23. Rde1 Bd5 24. Kh2 Rxe2 25. Rxe2 Bxf3 26. Re3 Bd5 27. Rb1 Rb8 28. a4 b4 29. cxb4 Nxb4 30. Kg3 a5 31. Rb2 Rc8 32. Rc3 Be4 33. f3 Bd3 34. Rd2 Rb8 35. Rb2 d5 36. Kh2 Re8 37. Rd2 Kg7 38. Rc1 Rc8 39. Rc3 Re8 40. Rc1 Kg6 41. Rc3 f5 42. Rc1 f4 43. Rc3 Re3 44. Rc1 Re6 45. Rc3 Re3 46. Rc1 Kf6 47. Rc3 Ke6 48. Rc1 Kd6 49. Rc3 Kc7 50. Rc1 Nc6 51. Kg2 Nxd4 52. Rf2 Nxf3 53. Rxf3 Be4 54. Rcf1 Rxf3 55. Rxf3 c3 56. Kf2 Bxf3 57. Kxf3 c2 58. h4 c1Q 59. h5 Qe3+ 60. Kg2 f3+ 61. Kh1 Qe1+ 62. Kh2 Qf2+ 63. Kh1 Qg2# 0-1

[Event "Wch U10 Girls"]
[Site "Maribor"]
[Date "2012.11.11"]
[Round "4.15"]
[White "Tran Vuong Mai, Khanh"]
[Black "Mishra, Anwesha"]
[Result "1/2-1/2"]
[WhiteElo "1736"]
[BlackElo "1561"]
[PlyCount "75"]
[EventDate "2012.11.08"]
[EventType "swiss"]
[EventRounds "11"]
[EventCountry "SLO"]
[SourceTitle "EXT 2013"]
[Source "ChessBase"]
[SourceDate "2012.11.22"]
[SourceVersion "1"]
[SourceVersionDate "2012.11.22"]
[SourceQuality "1"]

1. d4 f5 2. g3 Nf6 3. Bg2 g6 4. Nf3 Bg7 5. 0-0 0-0 6. c4 e6 7. Nc3 d6 8. Qc2 Nc6 9. Rd1 Qe7 10. Bg5 h6 11. Bxf6 Bxf6 12. e4 e5 13. Nd5 Qg7 14. Nxf6+ Qxf6 15. d5 Ne7 16. b4 Bd7 17. Rd2 a5 18. bxa5 Rxa5 19. Re2 f4 20. Qc3 b6 21. Rb2 Rfa8 22. a3 g5 23. Ne1 Ng6 24. f3 h5 25. Rf2 Kh7 26. Nd3 Nh8 27. Raa2 Nf7 28. Rf1 Nd8 29. Kh1 Nb7 30. Ne1 Nc5 31. Nd3 Kh6 32. Rff2 Kh7 33. Rf1 Nxd3 34. Qxd3 Rc5 35. Qd1 Rca5 36. Qc1 Rc5 37. Qb2 Rca5 38. Qc1 1/2-1/2